Candidatus abreviatus jurisprudentiae sacrae (Record no. 8755)
[ view plain ]
| 000 -CABECERA | |
|---|---|
| campo de control de longitud fija | 00902nam a2200217 a 4500 |
| 001 - NÚMERO DE CONTROL | |
| campo de control | BRCA_9106 |
| 005 - FECHA Y HORA DE LA ÚLTIMA TRANSACCIÓN | |
| campo de control | 20190320210526.0 |
| 008 - DATOS DE LONGITUD FIJA--INFORMACIÓN GENERAL | |
| campo de control de longitud fija | 051017s1752----it-#######---#000-0#lat-# |
| 041 ## - CÓDIGO DE LENGUA | |
| Código de lengua del texto/banda sonora o título independiente | lat |
| 084 ## - OTRO NÚMERO DE CLASIFICACIÓN | |
| Número de clasificación | BE248 |
| Número de documento/Ítem | .P53 1752 |
| 100 1# - ENTRADA PRINCIPAL--NOMBRE DE PERSONA | |
| Nombre de persona | Pichler, Vitus |
| 9 (RLIN) | 22478 |
| 245 10 - MENCIÓN DE TÍTULO | |
| Título | Candidatus abreviatus jurisprudentiae sacrae |
| Resto del título | hec est, juris canonici secundum Gregorii Papae IX: libros V. decretalium explanati summa, seu compendium, quod in usum maxime Discipulorum ex libris suis collegit Auctor ipse, nimirum |
| Mención de responsabilidad, etc. | R.P. Vitus Pichler…; pars posterior. |
| 250 ## - MENCIÓN DE EDICIÓN | |
| Mención de edición | 4ª ed. |
| 260 ## - PUBLICACIÓN, DISTRIBUCIÓN, ETC. | |
| Lugar de publicación, distribución, etc. | Augustae vind & wirceburgi |
| Nombre del editor, distribuidor, etc. | Sumptibus Martini Veith |
| Fecha de publicación, distribución, etc. | 1752 |
| 300 ## - DESCRIPCIÓN FÍSICA | |
| Extensión | 830 p. (t.2) |
| Dimensiones | 18.5 x 12 cm |
| 500 ## - NOTA GENERAL | |
| Nota general | Cum facultate superiorum |
| 500 ## - NOTA GENERAL | |
| Nota general | Estado físico: presenta encuadernación en pergamino y cantos decorados |
| 650 14 - PUNTO DE ACCESO ADICIONAL DE MATERIA--TÉRMINO DE MATERIA | |
| Término de materia o nombre geográfico como elemento de entrada | Jurisprudencia |
| Subdivisión cronológica | Siglo XVIII |
| 9 (RLIN) | 22479 |
| 902 ## - CATALOGADOR | |
| Iniciales | CFM |
| 942 ## - ELEMENTOS DE PUNTO DE ACCESO ADICIONAL (KOHA) | |
| Fuente del sistema de clasificación o colocación | Library of Congress Classification |
| Tipo de ítem Koha | Libros |
| Estado de retiro | Estado de pérdida | Estado dañado | No para préstamo | Localización permanente | Ubicación/localización actual | Fecha de adquisición | Total de préstamos | Signatura topográfica completa | Código de barras | Fecha visto por última vez | Precio válido a partir de | Tipo de ítem Koha |
|---|---|---|---|---|---|---|---|---|---|---|---|---|
| El ejemplar forma parte de la colección y puede ser consultado según las políticas vigentes. | Biblioteca del Museo Franz Mayer (Rogerio Casas-Alatriste) | Biblioteca del Museo Franz Mayer (Rogerio Casas-Alatriste) | 05/10/2017 | BE248 .P53 1752 | CFM00456 | 22/03/2019 | 22/03/2019 | Libros |